|
|
|
|
| LEADER |
00000nam0a2200000 4500 |
| 001 |
151252 |
| 005 |
20231101221539.0 |
| 010 |
|
|
|a 5020015350
|
| 035 |
|
|
|a (RuTPU)RU\TPU\book\163991
|
| 090 |
|
|
|a 151252
|
| 100 |
|
|
|a 20090121d1991 k y0rusy5003 ca
|
| 101 |
0 |
|
|a rus
|
| 102 |
|
|
|a RU
|
| 105 |
|
|
|a a z 001zy
|
| 200 |
1 |
|
|a Электродные процессы в твердых электролитах
|f И. В. Мурыгин
|g Академия наук СССР (АН СССР), Уральское отделение (УО), Институт электрохимии (ИЭЛ) ; отв. ред. М. И. Перфильев
|
| 210 |
|
|
|a Москва
|c Наука
|d 1991
|
| 215 |
|
|
|a 351 с.
|c ил.
|
| 320 |
|
|
|a Библиография в конце глав
|
| 330 |
|
|
|a Книга посвящена теории электродных процессов, происходящих на межфазных границах твердый электролит—газовый или металлический электрод. Систематизированы расчеты стационарных поляризационных характеристик и фарадеевского импеданса; проанализированы процессы гальваностатического и потенциостатического включения и выключения тока. За основу расчетов приняты модельные представления, учитывающие определяющую роль химической диффузии электрохимически активных частиц в поверхностном нестехиометрическом слое твердого электролита и на межфазной границе электрод-электролит. Дан анализ состояния экспериментальных исследований электрохимической кинетики в твердых электролитах и приведен обзор основных технических приложений электрохимических устройств с твердыми электролитами. Для научных работников, инженеров, специализирующихся в области химии и электрохимии твердых электролитов, а также в области конструирования, создания и эксплуатации электрохимических устройств с твердыми ионными проводниками.
|
| 606 |
1 |
|
|a Электролиты твердые
|2 stltpush
|3 (RuTPU)RU\TPU\subj\68106
|9 83636
|
| 610 |
1 |
|
|a электрохимия
|
| 610 |
1 |
|
|a электродные процессы
|
| 610 |
1 |
|
|a твердые электролиты
|
| 610 |
1 |
|
|a свойства
|
| 610 |
1 |
|
|a классификация
|
| 610 |
1 |
|
|a дефекты
|
| 610 |
1 |
|
|a ионные кристаллы
|
| 610 |
1 |
|
|a адсорбция
|
| 610 |
1 |
|
|a стационарные процессы
|
| 610 |
1 |
|
|a нестационарные процессы
|
| 610 |
1 |
|
|a токообразование
|
| 610 |
1 |
|
|a электролиз
|
| 610 |
1 |
|
|a газы
|
| 610 |
1 |
|
|a датчики
|
| 610 |
1 |
|
|a библиотека А. Г. Стромберга
|
| 675 |
|
|
|a 544.6.018.4
|z rus
|v 4
|
| 700 |
|
1 |
|a Мурыгин
|b И. В.
|g Игорь Васильевич
|
| 702 |
|
1 |
|a Перфильев
|b М. И.
|4 340
|
| 712 |
0 |
2 |
|a Академия наук СССР (АН СССР)
|b Уральское отделение (УО)
|b Институт электрохимии (ИЭЛ)
|c Свердловск
|2 stltpush
|3 (RuTPU)RU\TPU\col\15542
|
| 801 |
|
0 |
|a RU
|b RuMRKP
|c 19950417
|g psbo
|
| 801 |
|
1 |
|a RU
|b 63413507
|c 20090121
|g PSBO
|
| 801 |
|
2 |
|a RU
|b 63413507
|c 20180425
|g PSBO
|
| 942 |
|
|
|c BK
|